000 00459nam a2200157 i 4500
001 101470
003 ES-MaACL
005 20230906182921.0
007 t|
008 051019s1977 sp ||||1| spa d
100 1 _aMedina Rubio, Rogelio.
_979753
245 1 0 _aOrganización de la administración educativa española /
_cRogelio Medina Rubio.
260 _aSalamanca :
_bAnaya,
_c1977.
300 _a68 p. ;
_c21 cm.
852 _aES-MaACL
_jA-7603
_bR.96925
999 _c101470
_d101470